| 000 | 00442nam a2200145Ia 4500 | ||
|---|---|---|---|
| 008 | 150610s9999 xx 000 0 und d | ||
| 020 | _a9780785281122 | ||
| 050 |
_aHD57.7 _b.M394 1993 |
||
| 100 | _aMaxwell, John C. | ||
| 245 |
_aDeveloping the leader within you / _cJohn Maxwell. |
||
| 260 |
_aNashville : _bThomas Nelson, _c1993. |
||
| 300 |
_a207pages ; _c22 cm. |
||
| 504 | _aIncludes bibliographical references. | ||
| 520 | _aLeadership. | ||
| 999 |
_c288019 _d288019 |
||